000 00813cam a2200253 a 4500
008
020 _a1868141608 (pbk.)
049 _aMAIN
090 _aREF P361
_bENG
245 0 0 _aEnglish-Zulu, Zulu-English dictionary /
_ccompiled by C.M. Doke... [et al.].
250 _a1st combined ed.
260 _aJohannesburg :
_bWitwatersrand University Press,
_c1990.
300 _axiv, 918 p. ;
_c21 cm.
504 _aIncludes bibliographical references.
650 0 _aEnglish language
_xDictionaries
_xZulu.
650 0 _aZulu language
_xDictionaries
_xEnglish.
655 7 _aDictionary.
_2mesh
700 1 _aDoke, Clement Martyn.
907 _a.b10027300
_b19-03-12
_c17-04-03
003
005 20230120191407.0
040 _cNUST
942 _cBOOKS
_kREF P361
_mENG
999 _c100335
_d100335